Registrácia zahraničných osôb podľa zákona o DPH

Zákon č.222/2004 Z.z. o dani z pridanej hodnoty v znení neskorších predpisov v časti "Registračná povinnosť" upravuje okrem iných povinných registrácií pre daň z pridanej hodnoty aj registračnú povinnosť pre DPH zahraničných osôb. Túto registráciu upravujú ustanovenia par. 5 a par. 6 zákona. Ilustra...

Description complète

Enregistré dans:
Détails bibliographiques
Auteur principal: Zuziková, Alena
Format: Chapitre de livre
Langue:slovaque
Sujets:
Tags: Ajouter un tag
Pas de tags, Soyez le premier à ajouter un tag!

MARC

LEADER 00000naa a2200000 4500
001 0152694
005 20231207111414.3
041 0 |a slo 
044 |a SK 
245 1 0 |a Registrácia zahraničných osôb podľa zákona o DPH  |c Alena Zuziková 
520 |a Zákon č.222/2004 Z.z. o dani z pridanej hodnoty v znení neskorších predpisov v časti "Registračná povinnosť" upravuje okrem iných povinných registrácií pre daň z pridanej hodnoty aj registračnú povinnosť pre DPH zahraničných osôb. Túto registráciu upravujú ustanovenia par. 5 a par. 6 zákona. Ilustračné príklady. 
610 2 0 |a registrácia 
610 2 0 |a osoby zahraničné 
610 2 0 |a zákony 
610 2 0 |a Slovensko 
610 2 0 |a dane z hodnoty pridanej 
100 1 |a Zuziková, Alena